| 000 | 00567nam a22001817a 4500 | ||
|---|---|---|---|
| 005 | 20251108164045.0 | ||
| 008 | 250721s1977 xx 000 0 ara d | ||
| 082 | 1 | 4 | _a150.076/ويت |
| 100 | 1 | _aويتيج، آرنوف | |
| 245 | 1 | 0 | _aنظريات و مسائل في مقدمة في علم النفس / |
| 264 | 1 |
_aالقاهرة : _bدار ماكجروهيل، _c1977. |
|
| 300 | _a371ص | ||
| 490 | 0 | _aملخصات سشوم | |
| 650 | 1 | 7 | _aعلم النفس |
| 700 | 1 |
_aالأشول، عادل عز الدين _eترجمة |
|
| 942 |
_2ddc _cBK |
||
| 999 |
_c2509 _d2509 |
||